000 00358 a2200145 4500
001 165979
020 _a
040 _cMagnum
100 _aFerreiro, Emilia
240 1 0 _aOs processos de leitura e escrita: novas perspectivas
_lpor
245 1 0 _aOs processos de leitura e escrita: novas perspectivas
362 0 _a1899
697 _aENSINO
942 _cBK
999 _c165979
_d165979